| 000 | 00724nam a2200229 a 4500 | ||
|---|---|---|---|
| 005 | 20210219152657.0 | ||
| 008 | 991125s1977 mx 000 0 spa u | ||
| 020 | _a9682305136 | ||
| 035 | _aUPN01000058541 | ||
| 049 | _aCG | ||
| 050 | 4 |
_aF1221 M35 _bE8.8 |
|
| 100 | 1 | _aEstrada, Alvaro | |
| 245 | 1 | 0 |
_aVida de María Sabina : _bla sabia de los hongos / _cpor Alvaro Estrada ; tr. de cantos chamánicos, mazatecos, cantados por María Sabina |
| 260 |
_aMéxico : _bSiglo XXI, _c1977. |
||
| 300 | _a164 p., [4] p. de láms. : | ||
| 440 | 0 | _aAntropología | |
| 650 | 4 |
_aHONGOS - _zOAXACA |
|
| 650 | 4 |
_aHONGOS - _xRITOS Y CEREMONIAS |
|
| 650 | 4 |
_aMAZATECAS - _xRITOS Y CEREMONIAS |
|
| 904 |
_aAC _b058544 |
||
| 905 | _aLibro | ||
| 999 |
_c58541 _d58541 |
||